00868 2200253 4500001002100000005001700021008004100038035002400079082001800103090002500121110005800146245009700204260010700301300003100408500003100439650003500470700002600505700002000531700001400551850001500565980001300580985000600593999001500599YOGYA-0209000004879620090227032118.0 ind  0010-020900000048796 a736.509 922 3 a736.509 922 3bPro M aPROYEK INVENTARISASI DAN DOKUMENTASI SEJARAH NASIONAL aMonumen perjuangan Jawa TimurcTeam penyusun PrayogaKartomihardjo,Prapto Saptono, Soekarsono aJakartabDepartemen Pendidikan dan Kebudayaan Proyek Penerbitan Buku Sastra Indonesia dan Daerahc1986 aviii, 171 hlmbilusc21 cm aBibliografi : hlm. 170-171 aMonumen perjuangan- Jawa Timur aKartomiharjo, Prayoga aSaptono, Prapto aSukarsono aYOPDYOG(M) a03-12-07 a1 aA000012012